000 00445nam a2200169Ia 4500
005 20250303002855.0
008 240331s9999 xx 000 0 und d
020 _a9559556509
082 _bRAM
_a954
100 _aRambukwelle, P.B
245 0 _aCommentary on sinhala kingship :
_bVijaya to Kalinga Magha
260 _aDehiwala
_bSridevi Printers (Pvt) Ltd
_c1993
300 _a156 p .,
650 _aEnglish
650 _aHistory
942 _cL
999 _c3464
_d3464